000 00289nam a22001337a 4500
008 181019b xxu||||| |||| 00| 0 eng d
020 _a9780201457315
041 _aeng
080 _a721
100 _a41
101 _aARK
245 _aAutocad Essentials
_cDavid.C
942 _2udc
_cBK
999 _c50176
_d50176